| 000 | 00665nam a22001577a 4500 | ||
|---|---|---|---|
| 003 | OSt | ||
| 005 | 20151102101812.0 | ||
| 008 | 151102b xxu||||| |||| 00| 0 eng d | ||
| 040 | _cRUA | ||
| 082 | _aFOR ជីប 1993 B118 Or.1 | ||
| 100 |
_93172 _aជីប សុគន្ធី |
||
| 245 | _aវិសោធនកម្មក្រឹត្យច្បាប់លេខ ៣៥ ក្រច ចុុះថ្ងៃទី ២៥ ខែ មិថុនា ឆ្នាំ ១៩៨៨ ស្តីពីការគ្រប់គ្រង វិស័យព្រៃឈើ | ||
| 260 |
_aPhnom Penh _bRUA _c1993 |
||
| 300 |
_a112p. _bill. _c29cm. |
||
| 942 |
_2ddc _cFOR |
||
| 999 |
_c2960 _d2960 |
||